000 00865nam a2200229Ia 4500
003 OSt
005 20200810181319.0
008 191128s1977 sp gr 000 0 spa d
020 _a843130474X
040 _aCO-JMCR
_cCO-JMCR
041 0 _aspa
082 0 4 _a364.404 /
_bO712p
_223
100 1 _aOrtego Costales, José,
_eautor
_98521
245 1 0 _aPrevension de las infracciones de menores /
_cJosé Ortega Costales
260 _aEspaña :
_bUniversidad de Navarra,
_c1977.
300 _a109 páginas ;
_c22 cm.
490 0 _aColección Jurídica
505 0 _aLas bases teoricas de la prevención -- Hacia un sistema de prevención -- La naturaleza e integridad del fenomeno -- Las ciencias competentes -- Las ciencias Excluidas y las olvidades
650 1 4 _aPrevención de infracciones
_98522
650 1 4 _a Infracciones de menores
_98523
942 _2ddc
_cBK
999 _c5983
_d5983